| 000 | 00626nam a2200181Ia 4500 | ||
|---|---|---|---|
| 008 | 151202s9999||||xx |||||||||||||| ||und|| | ||
| 082 | _bPNVM-46020 | ||
| 100 | _aजोशी रमेश. | ||
| 245 | _aमाझी कॉपोॅरेट यात्रा. | ||
| 260 | _b"राजहंस प्रकाशन, पुणे." | ||
| 260 | _c2004 | ||
| 300 | _a215 | ||
| 600 | _aजोशी रमेश. | ||
| 630 | _aमाझी कॉपोॅरेट यात्रा. | ||
| 700 | _aजोशी रमेश. | ||
| 730 | _aमाझी कॉपोॅरेट यात्रा. | ||
| 942 | _cBOOK | ||
| 999 |
_c1311970 _d1311967 |
||